Caifanes Discography - Statistics

General Stats
  • This quiz has been taken 5 times
  • The average score is 17 of 51
Answer Stats
Answer % Correct
La Celula Que Explota
100%
Miedo
100%
Viento
100%
Afuera
75%
La Negra Tomasa
75%
Matenme Porque Me Muero
75%
Amanece
50%
Aqui No es Asi
50%
Hasta Que Dejes de Respirar
50%
La Bestia Humana
50%
Los Dioses Ocultos
50%
No Dejes Que
50%
Nubes
50%
Perdi Mi Ojo de Venado
50%
Piedra
50%
Quisiera Ser Alcohol
50%
Sera por Eso
50%
Sombras en Tiempos Perdidos
50%
Tortuga
50%
Antes de Que Nos Olviden
25%
Avientame
25%
Ayer Me Dijo un Ave
25%
Cuentame Tu Vida
25%
De Noche Todos los Gatos Son Pardos
25%
Detras de Ti
25%
El Año del Dragon
25%
El Comunicador
25%
El Negro Cosmico
25%
Estas Dormida
25%
Hasta Morir
25%
Ines
25%
La Vida No Es Eterna
25%
Metamorfeame
25%
Miercoles de Ceniza
25%
Nada
25%
Nunca Me Voy a Transformar en Ti
25%
Para Que No Digas Que No Pienso en Ti
25%
Pero Nunca Me Cai
25%
Te Estoy Mirando
25%
Amarrate a una Escoba y Vuela Lejos
0%
Aqui No Pasa Nada
0%
Debajo de Tu Piel
0%
El Animal
0%
El Elefante
0%
Heridos
0%
La Llorona
0%
Mariquita
0%
Nos Vamos Juntos
0%
Solo Eres Tu
0%
Vamos a Hacer un Silencio
0%
Y Caiste
0%
No matching quizzes found
Score Distribution
Percent of People with Each Score
Percentile by Number Answered
Your Score History
You have not taken this quiz